Statistics for Fast Math - Random Times Tables

Click here to take the quiz!

General Stats

  • This quiz has been taken 4,715 times
  • The average score is 47 of 60

Answer Stats

TableProblemSolution% Correct
  6 Times Table  2 × 6 =12
95%
  3 Times Table  1 × 3 =3
95%
  6 Times Table  1 × 6 =6
95%
  3 Times Table  4 × 3 =12
94%
  3 Times Table  5 × 3 =15
94%
  6 Times Table  3 × 6 =18
94%
  9 Times Table  2 × 9 =18
94%
  3 Times Table  6 × 3 =18
94%
  3 Times Table  7 × 3 =21
94%
  6 Times Table  4 × 6 =24
94%
  3 Times Table  8 × 3 =24
94%
  9 Times Table  3 × 9 =27
94%
  3 Times Table  9 × 3 =27
94%
  3 Times Table  10 × 3 =30
94%
  6 Times Table  5 × 6 =30
94%
  3 Times Table  11 × 3 =33
94%
  6 Times Table  6 × 6 =36
94%
  3 Times Table  12 × 3 =36
94%
  9 Times Table  4 × 9 =36
94%
  6 Times Table  7 × 6 =42
94%
  9 Times Table  5 × 9 =45
94%
  6 Times Table  8 × 6 =48
94%
  6 Times Table  9 × 6 =54
94%
  3 Times Table  2 × 3 =6
94%
  6 Times Table  10 × 6 =60
94%
  3 Times Table  3 × 3 =9
94%
  9 Times Table  1 × 9 =9
94%
  2 Times Table  5 × 2 =10
93%
 12 Times Table 1 × 12 =12
93%
  2 Times Table  6 × 2 =12
93%
  2 Times Table  7 × 2 =14
93%
  8 Times Table  2 × 8 =16
93%
  2 Times Table  1 × 2 =2
93%
 30 Times Table 1 × 30 =30
93%
  2 Times Table  2 × 2 =4
93%
  2 Times Table  3 × 2 =6
93%
 30 Times Table 2 × 30 =60
93%
  6 Times Table  11 × 6 =66
93%
  8 Times Table  1 × 8 =8
93%
  2 Times Table  4 × 2 =8
93%
 30 Times Table 3 × 30 =90
93%
 30 Times Table 4 × 30 =120
92%
 30 Times Table 5 × 30 =150
92%
  2 Times Table  8 × 2 =16
92%
  2 Times Table  9 × 2 =18
92%
 30 Times Table 6 × 30 =180
92%
  2 Times Table  10 × 2 =20
92%
  8 Times Table  3 × 8 =24
92%
  6 Times Table  12 × 6 =72
92%
  8 Times Table  10 × 8 =80
92%
  4 Times Table  3 × 4 =12
91%
 14 Times Table 1 × 14 =14
91%
  4 Times Table  4 × 4 =16
91%
  4 Times Table  5 × 4 =20
91%
 30 Times Table 7 × 30 =210
91%
 22 Times Table 1 × 22 =22
91%
  2 Times Table  11 × 2 =22
91%
  4 Times Table  6 × 4 =24
91%
  2 Times Table  12 × 2 =24
91%
 12 Times Table 2 × 12 =24
91%
 30 Times Table 8 × 30 =240
91%
 25 Times Table 1 × 25 =25
91%
  4 Times Table  7 × 4 =28
91%
  8 Times Table  4 × 8 =32
91%
  4 Times Table  8 × 4 =32
91%
  4 Times Table  9 × 4 =36
91%
  4 Times Table  1 × 4 =4
91%
  8 Times Table  5 × 8 =40
91%
  4 Times Table  10 × 4 =40
91%
 22 Times Table 2 × 22 =44
91%
  4 Times Table  11 × 4 =44
91%
  8 Times Table  6 × 8 =48
91%
 25 Times Table 2 × 25 =50
91%
  9 Times Table  6 × 9 =54
91%
  8 Times Table  7 × 8 =56
91%
  8 Times Table  8 × 8 =64
91%
  4 Times Table  2 × 4 =8
91%
  8 Times Table  11 × 8 =88
91%
  5 Times Table  2 × 5 =10
90%
 10 Times Table 1 × 10 =10
90%
 10 Times Table 2 × 10 =20
90%
 20 Times Table 1 × 20 =20
90%
 30 Times Table 9 × 30 =270
90%
 10 Times Table 3 × 10 =30
90%
 30 Times Table 10 × 30 =300
90%
 12 Times Table 3 × 12 =36
90%
  4 Times Table  12 × 4 =48
90%
 12 Times Table 4 × 12 =48
90%
  5 Times Table  1 × 5 =5
90%
 12 Times Table 5 × 12 =60
90%
  9 Times Table  7 × 9 =63
90%
  7 Times Table  1 × 7 =7
90%
  8 Times Table  9 × 8 =72
90%
  9 Times Table  8 × 9 =72
90%
  9 Times Table  9 × 9 =81
90%
  9 Times Table  10 × 9 =90
90%
  8 Times Table  12 × 8 =96
90%
 20 Times Table 5 × 20 =100
89%
 20 Times Table 6 × 20 =120
89%
 12 Times Table 10 × 12 =120
89%
  7 Times Table  2 × 7 =14
89%
 20 Times Table 7 × 20 =140
89%
 12 Times Table 12 × 12 =144
89%
  5 Times Table  3 × 5 =15
89%
  5 Times Table  4 × 5 =20
89%
  7 Times Table  3 × 7 =21
89%
  5 Times Table  5 × 5 =25
89%
 14 Times Table 2 × 14 =28
89%
  7 Times Table  4 × 7 =28
89%
  5 Times Table  6 × 5 =30
89%
 30 Times Table 11 × 30 =330
89%
  5 Times Table  7 × 5 =35
89%
 10 Times Table 4 × 10 =40
89%
 20 Times Table 2 × 20 =40
89%
  5 Times Table  8 × 5 =40
89%
  5 Times Table  9 × 5 =45
89%
 10 Times Table 5 × 10 =50
89%
  5 Times Table  10 × 5 =50
89%
  5 Times Table  11 × 5 =55
89%
 10 Times Table 6 × 10 =60
89%
 20 Times Table 3 × 20 =60
89%
 22 Times Table 3 × 22 =66
89%
 10 Times Table 7 × 10 =70
89%
 25 Times Table 3 × 25 =75
89%
 20 Times Table 4 × 20 =80
89%
 22 Times Table 4 × 22 =88
89%
  9 Times Table  11 × 9 =99
89%
 10 Times Table 10 × 10 =100
88%
 25 Times Table 4 × 25 =100
88%
 11 Times Table 1 × 11 =11
88%
 10 Times Table 11 × 10 =110
88%
 22 Times Table 5 × 22 =110
88%
 10 Times Table 12 × 10 =120
88%
 25 Times Table 5 × 25 =125
88%
 13 Times Table 1 × 13 =13
88%
 16 Times Table 1 × 16 =16
88%
 20 Times Table 8 × 20 =160
88%
 20 Times Table 9 × 20 =180
88%
 21 Times Table 1 × 21 =21
88%
 11 Times Table 2 × 11 =22
88%
 13 Times Table 2 × 13 =26
88%
 11 Times Table 3 × 11 =33
88%
  7 Times Table  5 × 7 =35
88%
 30 Times Table 12 × 30 =360
88%
  7 Times Table  6 × 7 =42
88%
 11 Times Table 4 × 11 =44
88%
  7 Times Table  7 × 7 =49
88%
 11 Times Table 5 × 11 =55
88%
  5 Times Table  12 × 5 =60
88%
 11 Times Table 6 × 11 =66
88%
 12 Times Table 6 × 12 =72
88%
 10 Times Table 8 × 10 =80
88%
 12 Times Table 7 × 12 =84
88%
 10 Times Table 9 × 10 =90
88%
 12 Times Table 8 × 12 =96
88%
 12 Times Table 9 × 12 =108
87%
  9 Times Table  12 × 9 =108
87%
 25 Times Table 6 × 25 =150
87%
 17 Times Table 1 × 17 =17
87%
 25 Times Table 7 × 25 =175
87%
 18 Times Table 1 × 18 =18
87%
 20 Times Table 10 × 20 =200
87%
 25 Times Table 8 × 25 =200
87%
 20 Times Table 11 × 20 =220
87%
 25 Times Table 9 × 25 =225
87%
 20 Times Table 12 × 20 =240
87%
 25 Times Table 10 × 25 =250
87%
 29 Times Table 1 × 29 =29
87%
 21 Times Table 2 × 21 =42
87%
  7 Times Table  8 × 7 =56
87%
  7 Times Table  9 × 7 =63
87%
  7 Times Table  10 × 7 =70
87%
 11 Times Table 7 × 11 =77
87%
 21 Times Table 4 × 21 =84
87%
 12 Times Table 11 × 12 =132
86%
 15 Times Table 1 × 15 =15
86%
 23 Times Table 1 × 23 =23
86%
 16 Times Table 2 × 16 =32
86%
 13 Times Table 3 × 13 =39
86%
 21 Times Table 3 × 21 =63
86%
  7 Times Table  11 × 7 =77
86%
 11 Times Table 8 × 11 =88
86%
 11 Times Table 9 × 11 =99
86%
 11 Times Table 10 × 11 =110
85%
 27 Times Table 1 × 27 =27
85%
 25 Times Table 11 × 25 =275
85%
 15 Times Table 2 × 15 =30
85%
 25 Times Table 12 × 25 =300
85%
 15 Times Table 3 × 15 =45
85%
  7 Times Table  12 × 7 =84
85%
 21 Times Table 5 × 21 =105
84%
 11 Times Table 11 × 11 =121
84%
 22 Times Table 6 × 22 =132
84%
 19 Times Table 1 × 19 =19
84%
 18 Times Table 2 × 18 =36
84%
 14 Times Table 3 × 14 =42
84%
 13 Times Table 4 × 13 =52
84%
 15 Times Table 4 × 15 =60
84%
 15 Times Table 5 × 15 =75
84%
 11 Times Table 12 × 11 =132
83%
 28 Times Table 1 × 28 =28
83%
 23 Times Table 2 × 23 =46
83%
 13 Times Table 5 × 13 =65
83%
 13 Times Table 6 × 13 =78
83%
 15 Times Table 6 × 15 =90
83%
 24 Times Table 1 × 24 =24
82%
 17 Times Table 2 × 17 =34
82%
 24 Times Table 2 × 24 =48
82%
 15 Times Table 7 × 15 =105
81%
 21 Times Table 6 × 21 =126
81%
 21 Times Table 7 × 21 =147
81%
 15 Times Table 10 × 15 =150
81%
 22 Times Table 7 × 22 =154
81%
 15 Times Table 11 × 15 =165
81%
 16 Times Table 3 × 16 =48
81%
 21 Times Table 8 × 21 =168
80%
 22 Times Table 8 × 22 =176
80%
 21 Times Table 9 × 21 =189
80%
 14 Times Table 4 × 14 =56
80%
 23 Times Table 3 × 23 =69
80%
 13 Times Table 7 × 13 =91
80%
 13 Times Table 8 × 13 =104
79%
 15 Times Table 8 × 15 =120
79%
 15 Times Table 9 × 15 =135
79%
 22 Times Table 9 × 22 =198
79%
 22 Times Table 10 × 22 =220
79%
 29 Times Table 2 × 29 =58
79%
 15 Times Table 12 × 15 =180
78%
 21 Times Table 10 × 21 =210
78%
 22 Times Table 11 × 22 =242
78%
 19 Times Table 2 × 19 =38
78%
 17 Times Table 3 × 17 =51
78%
 18 Times Table 3 × 18 =54
78%
 16 Times Table 4 × 16 =64
78%
 14 Times Table 5 × 14 =70
78%
 18 Times Table 4 × 18 =72
78%
 18 Times Table 5 × 18 =90
78%
 13 Times Table 9 × 13 =117
77%
 13 Times Table 10 × 13 =130
77%
 14 Times Table 10 × 14 =140
77%
 26 Times Table 1 × 26 =26
77%
 27 Times Table 2 × 27 =54
77%
 17 Times Table 4 × 17 =68
77%
 14 Times Table 6 × 14 =84
77%
 23 Times Table 4 × 23 =92
77%
 24 Times Table 3 × 24 =72
76%
 14 Times Table 7 × 14 =98
76%
 18 Times Table 6 × 18 =108
75%
 26 Times Table 2 × 26 =52
75%
 28 Times Table 2 × 28 =56
75%
 16 Times Table 5 × 16 =80
75%
 18 Times Table 7 × 18 =126
74%
 13 Times Table 11 × 13 =143
74%
 13 Times Table 12 × 13 =156
74%
 18 Times Table 10 × 18 =180
74%
 21 Times Table 11 × 21 =231
74%
 17 Times Table 5 × 17 =85
74%
 29 Times Table 3 × 29 =87
74%
 23 Times Table 5 × 23 =115
73%
 14 Times Table 11 × 14 =154
73%
 22 Times Table 12 × 22 =264
73%
 16 Times Table 6 × 16 =96
73%
 17 Times Table 6 × 17 =102
72%
 14 Times Table 8 × 14 =112
72%
 19 Times Table 3 × 19 =57
72%
 24 Times Table 4 × 24 =96
72%
 16 Times Table 7 × 16 =112
71%
 14 Times Table 9 × 14 =126
71%
 23 Times Table 6 × 23 =138
71%
 18 Times Table 8 × 18 =144
71%
 16 Times Table 10 × 16 =160
70%
 18 Times Table 9 × 18 =162
70%
 17 Times Table 10 × 17 =170
70%
 21 Times Table 12 × 21 =252
70%
 29 Times Table 4 × 29 =116
69%
 17 Times Table 7 × 17 =119
69%
 16 Times Table 8 × 16 =128
69%
 14 Times Table 12 × 14 =168
69%
 18 Times Table 11 × 18 =198
69%
 23 Times Table 10 × 23 =230
69%
 19 Times Table 4 × 19 =76
69%
 27 Times Table 3 × 27 =81
69%
 28 Times Table 3 × 28 =84
69%
 19 Times Table 5 × 19 =95
69%
 27 Times Table 4 × 27 =108
68%
 26 Times Table 4 × 26 =104
67%
 28 Times Table 4 × 28 =112
67%
 28 Times Table 5 × 28 =140
67%
 16 Times Table 9 × 16 =144
67%
 23 Times Table 7 × 23 =161
67%
 19 Times Table 6 × 19 =114
66%
 24 Times Table 5 × 24 =120
66%
 27 Times Table 5 × 27 =135
66%
 28 Times Table 6 × 28 =168
66%
 19 Times Table 10 × 19 =190
66%
 26 Times Table 3 × 26 =78
66%
 17 Times Table 8 × 17 =136
65%
 16 Times Table 11 × 16 =176
65%
 23 Times Table 8 × 23 =184
65%
 18 Times Table 12 × 18 =216
65%
 23 Times Table 11 × 23 =253
65%
 17 Times Table 9 × 17 =153
64%
 16 Times Table 12 × 16 =192
64%
 23 Times Table 9 × 23 =207
64%
 27 Times Table 10 × 27 =270
64%
 28 Times Table 10 × 28 =280
64%
 26 Times Table 5 × 26 =130
63%
 19 Times Table 7 × 19 =133
63%
 29 Times Table 5 × 29 =145
63%
 26 Times Table 6 × 26 =156
63%
 28 Times Table 7 × 28 =196
63%
 29 Times Table 10 × 29 =290
63%
 17 Times Table 11 × 17 =187
62%
 24 Times Table 10 × 24 =240
62%
 26 Times Table 10 × 26 =260
62%
 24 Times Table 6 × 24 =144
61%
 19 Times Table 8 × 19 =152
61%
 27 Times Table 6 × 27 =162
61%
 24 Times Table 7 × 24 =168
60%
 26 Times Table 7 × 26 =182
60%
 27 Times Table 7 × 27 =189
60%
 19 Times Table 11 × 19 =209
60%
 28 Times Table 8 × 28 =224
60%
 23 Times Table 12 × 23 =276
60%
 19 Times Table 9 × 19 =171
59%
 29 Times Table 6 × 29 =174
59%
 17 Times Table 12 × 17 =204
59%
 19 Times Table 12 × 19 =228
59%
 26 Times Table 8 × 26 =208
58%
 27 Times Table 8 × 27 =216
58%
 26 Times Table 11 × 26 =286
58%
 28 Times Table 9 × 28 =252
57%
 24 Times Table 11 × 24 =264
57%
 28 Times Table 11 × 28 =308
57%
 24 Times Table 8 × 24 =192
56%
 24 Times Table 9 × 24 =216
56%
 26 Times Table 9 × 26 =234
56%
 24 Times Table 12 × 24 =288
56%
 27 Times Table 11 × 27 =297
56%
 29 Times Table 7 × 29 =203
55%
 28 Times Table 12 × 28 =336
55%
 29 Times Table 8 × 29 =232
54%
 27 Times Table 9 × 27 =243
53%
 26 Times Table 12 × 26 =312
52%
 29 Times Table 11 × 29 =319
52%
 29 Times Table 9 × 29 =261
51%
 27 Times Table 12 × 27 =324
50%
 29 Times Table 12 × 29 =348
47%

Score Distribution

Percentile by Number Answered

Percent of People with Each Score

Your Score History

You have not taken this quiz